[Event "HUN-chT2 Toth 1819"]
[Site "Hungary"]
[Date "2018.10.07"]
[Round "2.3"]
[White "Miko, Valer"]
[Black "Csuri, Laszlo"]
[Result "1/2-1/2"]
[WhiteElo "2095"]
[BlackElo "2015"]
[PlyCount "30"]
[EventDate "2018.09.23"]
[EventType "team-tourn"]
[EventRounds "11"]
[EventCountry "HUN"]
[SourceTitle "EXT 2021"]
[Source "ChessBase"]
[SourceDate "2020.10.23"]
[SourceVersion "1"]
[SourceVersionDate "2020.10.23"]
[SourceQuality "1"]
[WhiteTeam "Szeged Meritum"]
[BlackTeam "Szentes Integral"]
[WhiteTeamCountry "HUN"]
[BlackTeamCountry "HUN"]

1. Nc3 d5 2. d4 c6 3. Bf4 Bf5 4. e3 e6 5. g4 Bg6 6. h4 h5 7. g5 Bd6 8. Nf3 Bxf4 9. exf4 Nd7 10. Ne5 Nxe5 11. fxe5 Ne7 12. Bd3 Bxd3 13. Qxd3 g6 14. Ne2 Nf5 15. a4 a5 1/2-1/2

[Event "HUN-chT2 Toth 1617"]
[Site "Hungary"]
[Date "2016.12.11"]
[Round "6.1"]
[White "Miko, Valer"]
[Black "Egyed, Gabor"]
[Result "1-0"]
[WhiteElo "2093"]
[BlackElo "2105"]
[PlyCount "133"]
[EventDate "2016.09.25"]
[EventType "team-tourn"]
[EventRounds "11"]
[EventCountry "HUN"]
[SourceTitle "EXT 2021"]
[Source "ChessBase"]
[SourceDate "2020.10.23"]
[SourceVersion "1"]
[SourceVersionDate "2020.10.23"]
[SourceQuality "1"]
[WhiteTeam "Szeged Meritum"]
[BlackTeam "Karcag"]
[WhiteTeamCountry "HUN"]
[BlackTeamCountry "HUN"]

1. e4 c5 2. Nf3 g6 3. d4 cxd4 4. Nxd4 Bg7 5. Nc3 Nc6 6. Be3 Nf6 7. Bc4 0-0 8. Bb3 a5 9. 0-0 a4 10. Nxa4 Nxe4 11. c4 d6 12. Re1 Nf6 13. h3 Bd7 14. Nb5 Ra6 15. Qe2 Re8 16. Rad1 Na5 17. Bc2 Nxc4 18. Qxc4 Qa5 19. Nac3 Rc8 20. Qe2 Bxb5 21. Nxb5 Rxc2 22. Qxc2 Qxb5 23. Qc8+ Ne8 24. a3 Kf8 25. Bd4 Bxd4 26. Rxd4 Qc6 27. Qd8 e5 28. Rb4 b5 29. Qb8 Rb6 30. Qa7 Nc7 31. Rb3 Nd5 32. Qa5 Ke7 33. Qd2 f5 34. Qh6 Nf6 35. Rc3 Qd7 36. Rec1 Rb7 37. R1c2 Ke6 38. Qf8 Qe7 39. Qc8+ Qd7 40. Qf8 Qe8 41. Qh6 Qe7 42. Rc6 f4 43. Qg5 Qg7 44. f3 h6 45. Qh4 g5 46. Qe1 Nd5 47. Qd2 Qd7 48. Qd3 Ne7 49. Ra6 Ra7 50. Rb6 Rb7 51. Rxb7 Qxb7 52. Qh7 Kf6 53. Qxh6+ Ng6 54. Kh2 d5 55. g3 d4 56. gxf4 gxf4 57. Rg2 Qg7 58. Qg5+ Kf7 59. Qf5+ Qf6 60. Qd7+ Qe7 61. Qxb5 Nh4 62. Qd5+ Kf6 63. Rc2 Nf5 64. Rc6+ Kg5 65. Qg8+ Ng7 66. h4+ Kxh4 67. Qh7+ 1-0

[Event "HUN-chT2 Toth 1617"]
[Site "Hungary"]
[Date "2016.09.25"]
[Round "1.2"]
[White "Miko, Valer"]
[Black "Joo, Janos"]
[Result "1-0"]
[WhiteElo "2093"]
[BlackElo "2050"]
[PlyCount "61"]
[EventDate "2016.09.25"]
[EventType "team-tourn"]
[EventRounds "11"]
[EventCountry "HUN"]
[SourceTitle "EXT 2021"]
[Source "ChessBase"]
[SourceDate "2020.10.23"]
[SourceVersion "1"]
[SourceVersionDate "2020.10.23"]
[SourceQuality "1"]
[WhiteTeam "Szeged Meritum"]
[BlackTeam "Mako Duocor II"]
[WhiteTeamCountry "HUN"]
[BlackTeamCountry "HUN"]

1. e4 c5 2. Nf3 g6 3. d4 Bg7 4. Nc3 cxd4 5. Nxd4 Nc6 6. Be3 Nf6 7. Bc4 0-0 8. Bb3 Na5 9. e5 Ne8 10. Bxf7+ Kxf7 11. Ne6 dxe6 12. Qxd8 Nc6 13. Qd2 Bxe5 14. Bh6 Ng7 15. 0-0-0 Rd8 16. Qe2 Rxd1+ 17. Rxd1 Nf5 18. Qf3 Bf6 19. Be3 e5 20. Ne4 Nfd4 21. Bxd4 Nxd4 22. Rxd4 exd4 23. Nxf6 exf6 24. Qd5+ Kg7 25. Qd8 b6 26. f4 Kh6 27. g4 Bb7 28. Qxf6 Bf3 29. Qe7 Rc8 30. h3 a5 31. g5+ 1-0

[Event "HUN-chT2 Barcza 1516"]
[Site "Hungary"]
[Date "2016.04.17"]
[Round "11.6"]
[White "Kovacs, Marton"]
[Black "Miko, Valer"]
[Result "1-0"]
[WhiteElo "2148"]
[BlackElo "2084"]
[PlyCount "91"]
[EventDate "2015.09.13"]
[EventType "team-tourn"]
[EventRounds "11"]
[EventCountry "HUN"]
[SourceTitle "EXT 2017"]
[Source "ChessBase"]
[SourceDate "2016.10.25"]
[SourceVersion "1"]
[SourceVersionDate "2016.10.25"]
[SourceQuality "1"]
[WhiteTeam "Hajduboszormeny"]
[BlackTeam "Debrecen Sakkbaratok"]
[WhiteTeamCountry "HUN"]
[BlackTeamCountry "HUN"]

1. d4 d5 2. Nf3 Nf6 3. c4 c6 4. e3 e6 5. Nc3 Nbd7 6. Qc2 Bd6 7. b3 0-0 8. cxd5 cxd5 9. Bd3 e5 10. Nb5 Bb4+ 11. Bd2 Qe7 12. dxe5 Nxe5 13. Nxe5 Bxd2+ 14. Qxd2 Qxe5 15. Nd4 Ne4 16. Bxe4 dxe4 17. 0-0 Bg4 18. h3 Bd7 19. Rfd1 Qg5 20. f4 Qf6 21. Qb4 Qg6 22. Kh2 Qa6 23. Qe7 Bc6 24. Qg5 Bd7 25. Rac1 h6 26. Qe7 Bc6 27. Rd2 Rae8 28. Qh4 Bd7 29. Rc7 Bc8 30. Qf2 Qa5 31. Rdc2 Qa6 32. b4 Qb6 33. Qd2 Be6 34. a4 g5 35. g3 a6 36. R2c5 gxf4 37. gxf4 Kh7 38. a5 Qd6 39. Rxb7 Rg8 40. Rc6 Qd8 41. Rxe6 Rxe6 42. Rxf7+ Kh8 43. Qb2 Rf6 44. Nc6 Rg2+ 45. Qxg2 Rxc6 46. Qg7# 1-0

[Event "HUN-chT Csongrad Region"]
[Site "Hungary"]
[Date "2016.04.10"]
[Round "8.1"]
[White "Csikos, Mihaly"]
[Black "Miko, Valer"]
[Result "0-1"]
[WhiteElo "2122"]
[BlackElo "2078"]
[PlyCount "98"]
[EventDate "2015.09.20"]
[EventType "team-tourn"]
[EventRounds "9"]
[EventCountry "HUN"]
[SourceTitle "EXT 2017"]
[Source "ChessBase"]
[SourceDate "2016.10.25"]
[SourceVersion "1"]
[SourceVersionDate "2016.10.25"]
[SourceQuality "1"]

1. c4 c6 2. Nc3 d5 3. cxd5 cxd5 4. d4 Nf6 5. g3 Nc6 6. Bg2 e6 7. Nf3 Be7 8. 0-0 0-0 9. a3 b6 10. b4 Bb7 11. Bb2 Ne8 12. Rc1 Nd6 13. Rc2 Bf6 14. e3 Nc4 15. Bc1 Ne7 16. Nd2 Nd6 17. f4 Nef5 18. Qe2 Rc8 19. Nf3 Nc4 20. g4 Nfd6 21. Ne5 Ba6 22. Qf3 Nxe5 23. dxe5 Bxf1 24. Qxf1 Rc4 25. exf6 Qxf6 26. Bb2 Qg6 27. Rd2 Qxg4 28. Kh1 Qh4 29. Ne2 Nf5 30. Bh3 Nxe3 31. Qg1 d4 32. Bxd4 Rxd4 33. Rxd4 Qxh3 34. Ng3 Nf5 35. Rd3 Nxg3+ 36. Rxg3 Qh6 37. Qd4 g6 38. Qd6 Qg7 39. Kg2 Qf6 40. Rd3 Rc8 41. b5 Qb2+ 42. Kg3 Qxb5 43. Re3 Qc5 44. Qd3 Qc1 45. Qd4 Qg1+ 46. Kh3 h5 47. f5 Qf1+ 48. Kh4 Qxf5 49. Rg3 b5 0-1

[Event "HUN-chT Csongrad Region"]
[Site "Hungary"]
[Date "2016.02.21"]
[Round "6.1"]
[White "Hajdu, Istvan"]
[Black "Miko, Valer"]
[Result "0-1"]
[WhiteElo "1992"]
[BlackElo "2078"]
[PlyCount "69"]
[EventDate "2015.09.20"]
[EventType "team-tourn"]
[EventRounds "9"]
[EventCountry "HUN"]
[SourceTitle "EXT 2017"]
[Source "ChessBase"]
[SourceDate "2016.10.25"]
[SourceVersion "1"]
[SourceVersionDate "2016.10.25"]
[SourceQuality "1"]

1. e4 e6 2. d4 d5 3. exd5 exd5 4. Bd3 Bd6 5. Nf3 Nc6 6. c3 Bg4 7. h3 Bh5 8. 0-0 Nge7 9. Re1 Qd7 10. b4 Nd8 11. Ne5 Bxd1 12. Nxd7 Bh5 13. Ne5 0-0 14. f4 Bg6 15. f5 Bxf5 16. Bxf5 Nxf5 17. Nd7 Ne6 18. Nxf8 Kxf8 19. Na3 a5 20. b5 Bg3 21. Re2 Nd6 22. Rb1 Ne4 23. Bd2 Re8 24. Nc2 Nxd2 25. Rxd2 Nf4 26. Kf1 Re6 27. Ne1 Re3 28. Rc2 f6 29. Nf3 b6 30. Ng1 Kf7 31. Rbc1 Nd3 32. Rd1 Nf4 33. c4 dxc4 34. Rxc4 Nd5 35. Ne2 0-1

[Event "HUN-chT Csongrad Region"]
[Site "Hungary"]
[Date "2015.11.22"]
[Round "5.1"]
[White "Miko, Valer"]
[Black "Oravecz, Matyas"]
[Result "1-0"]
[WhiteElo "2078"]
[BlackElo "1727"]
[PlyCount "39"]
[EventDate "2015.09.20"]
[EventType "team-tourn"]
[EventRounds "9"]
[EventCountry "HUN"]
[SourceTitle "EXT 2017"]
[Source "ChessBase"]
[SourceDate "2016.10.25"]
[SourceVersion "1"]
[SourceVersionDate "2016.10.25"]
[SourceQuality "1"]

1. e4 e5 2. Bc4 Nf6 3. d4 d6 4. dxe5 dxe5 5. Bxf7+ Ke7 6. Qxd8+ Kxd8 7. Bg5 Bc5 8. Nc3 Ke7 9. Bb3 Be6 10. Nf3 Bxb3 11. axb3 Nc6 12. Nd5+ Kf7 13. Bxf6 gxf6 14. Nxc7 Nb4 15. 0-0-0 Rac8 16. Rd7+ Kg6 17. Nh4+ Kg5 18. Nf5 Bb6 19. Ne6+ Kh5 20. Rg7 1-0

[Event "HUN-chT2 Barcza 0910"]
[Site "Hungary"]
[Date "2009.11.22"]
[Round "2.9"]
[White "Neuberger, Attila"]
[Black "Miko, Valer"]
[Result "1-0"]
[WhiteElo "2018"]
[BlackElo "2046"]
[PlyCount "53"]
[EventDate "2009.11.08"]
[EventType "team-tourn"]
[EventRounds "11"]
[EventCountry "HUN"]
[SourceTitle "EXT 2011"]
[Source "ChessBase"]
[SourceDate "2010.11.26"]
[SourceVersion "1"]
[SourceVersionDate "2010.11.26"]
[SourceQuality "1"]
[WhiteTeam "Kazincbarcika"]
[BlackTeam "Debrecen Sakkbaratok"]
[WhiteTeamCountry "HUN"]
[BlackTeamCountry "HUN"]

1. c4 c6 2. Nc3 d5 3. cxd5 cxd5 4. d4 Nf6 5. Nf3 Nc6 6. Bf4 Bf5 7. e3 a6 8. Bd3 Bxd3 9. Qxd3 e6 10. 0-0 Nh5 11. Rfe1 Be7 12. Bg3 Nxg3 13. hxg3 h5 14. Rac1 h4 15. gxh4 Bxh4 16. e4 dxe4 17. Qxe4 Kf8 18. d5 exd5 19. Nxd5 Bf6 20. b3 Rh6 21. Rcd1 Qa5 22. b4 Qd8 23. a4 Rh5 24. b5 axb5 25. axb5 Ne5 26. Nxf6 Nxf3+ 27. Qxf3 1-0

[Event "Paks op"]
[Site "Paks"]
[Date "2008.08.01"]
[Round "4"]
[White "Balazs, Gabor1111"]
[Black "Miko, Valer"]
[Result "1-0"]
[WhiteElo "2284"]
[BlackElo "2057"]
[PlyCount "65"]
[EventDate "2008.07.30"]
[EventType "swiss"]
[EventRounds "7"]
[EventCountry "HUN"]
[SourceTitle "EXT 2011"]
[Source "ChessBase"]
[SourceDate "2010.11.26"]
[SourceVersion "1"]
[SourceVersionDate "2010.11.26"]
[SourceQuality "1"]

1. d4 d5 2. c4 c6 3. Nf3 Nf6 4. Nc3 e6 5. Bg5 h6 6. Bxf6 Qxf6 7. g3 Nd7 8. Bg2 dxc4 9. 0-0 Be7 10. e3 0-0 11. Nd2 Nb6 12. Qe2 e5 13. d5 cxd5 14. Nxd5 Nxd5 15. Bxd5 Bf5 16. Qxc4 Rac8 17. Qb3 Rfd8 18. Rac1 b6 19. Ne4 Qg6 20. Rxc8 Rxc8 21. Nc3 Qh5 22. Bg2 Be6 23. Qa4 a5 24. Qb5 Bb4 25. Qxb6 Qg4 26. Nd5 Rc2 27. Qb8+ Kh7 28. Qxe5 Rc5 29. a3 Bd2 30. Nf6+ gxf6 31. Qxc5 Qe2 32. Qc2+ f5 33. Rd1 1-0

[Event "Paks op"]
[Site "Paks"]
[Date "2008.07.31"]
[Round "2"]
[White "Fodor, Tamas Jr"]
[Black "Miko, Valer"]
[Result "1-0"]
[WhiteElo "2417"]
[BlackElo "2057"]
[PlyCount "43"]
[EventDate "2008.07.30"]
[EventType "swiss"]
[EventRounds "7"]
[EventCountry "HUN"]
[SourceTitle "EXT 2011"]
[Source "ChessBase"]
[SourceDate "2010.11.26"]
[SourceVersion "1"]
[SourceVersionDate "2010.11.26"]
[SourceQuality "1"]

1. d4 d5 2. c4 c6 3. Nc3 Nf6 4. cxd5 cxd5 5. Bf4 Nc6 6. Nf3 a6 7. Rc1 e6 8. e3 Bd7 9. h3 Bb4 10. Bd3 Bxc3+ 11. bxc3 Na5 12. Qe2 Rc8 13. Ne5 b5 14. 0-0 Qe7 15. Bg5 Qa3 16. Qf3 Qe7 17. Ng4 Nc4 18. Nxf6+ gxf6 19. Bxf6 Qf8 20. Bxc4 dxc4 21. Bxh8 Qxh8 22. e4 1-0

[Event "Paks op"]
[Site "Paks"]
[Date "2008.07.31"]
[Round "3"]
[White "Miko, Valer"]
[Black "Fodor, Adam"]
[Result "1-0"]
[WhiteElo "2057"]
[BlackElo "1835"]
[PlyCount "91"]
[EventDate "2008.07.30"]
[EventType "swiss"]
[EventRounds "7"]
[EventCountry "HUN"]
[SourceTitle "EXT 2011"]
[Source "ChessBase"]
[SourceDate "2010.11.26"]
[SourceVersion "1"]
[SourceVersionDate "2010.11.26"]
[SourceQuality "1"]

1. e4 e6 2. d4 d5 3. Nc3 Nf6 4. Bg5 Be7 5. e5 Nfd7 6. h4 a6 7. Qg4 Bxg5 8. hxg5 g6 9. 0-0-0 c5 10. f4 cxd4 11. Rxd4 Nc6 12. Rd2 Nc5 13. g3 b5 14. Rdh2 b4 15. Nd1 Qa5 16. Kb1 Rb8 17. Ne2 b3 18. axb3 Nb4 19. Nc1 d4 20. Nf2 Bb7 21. Rxh7 Rxh7 22. Rxh7 Ke7 23. Bd3 Ncxd3 24. Nfxd3 Be4 25. Qh3 Rc8 26. Rxf7+ Kxf7 27. Qh7+ Ke8 28. Qg8+ Kd7 29. Qf7+ Kc6 30. Qxe6+ Kb7 31. Qe7+ Ka8 32. Qxb4 Qc7 33. Qd2 Qd7 34. b4 Qg4 35. Nc5 Bc6 36. Qxd4 Qxg3 37. e6 Qe1 38. Qd3 Qxb4 39. Qxa6+ Kb8 40. Nd7+ Bxd7 41. exd7 Rd8 42. Nd3 Qb7 43. Qxb7+ Kxb7 44. Ne5 Kc7 45. b3 Ra8 46. Kb2 1-0

[Event "HUN-chT2 Maroczy 0708"]
[Site "Hungary"]
[Date "2008.03.30"]
[Round "9"]
[White "Miko, Valer"]
[Black "Martin, Bela"]
[Result "1/2-1/2"]
[WhiteElo "2062"]
[BlackElo "2012"]
[PlyCount "27"]
[EventDate "2007.10.14"]
[EventType "team"]
[EventRounds "11"]
[EventCountry "HUN"]
[SourceTitle "EXT 2009"]
[Source "ChessBase"]
[SourceDate "2008.11.26"]
[SourceVersion "1"]
[SourceVersionDate "2008.11.26"]
[SourceQuality "1"]
[WhiteTeam "Maroczy"]
[BlackTeam "Barcza"]
[WhiteTeamCountry "HUN"]
[BlackTeamCountry "HUN"]

1. e4 c5 2. Nf3 Nc6 3. d4 cxd4 4. Nxd4 Nf6 5. Nc3 e5 6. Ndb5 d6 7. Bg5 a6 8. Na3 b5 9. Nd5 Be7 10. Bxf6 Bxf6 11. c4 b4 12. Nc2 Rb8 13. g3 0-0 14. Bg2 1/2-1/2

[Event "HUN-chT2 Maroczy 0607"]
[Site "Hungary"]
[Date "2006.11.12"]
[Round "1"]
[White "Szabo, Zsolt2222"]
[Black "Miko, Valer"]
[Result "1-0"]
[WhiteElo "2142"]
[BlackElo "2091"]
[PlyCount "67"]
[EventDate "2006.11.12"]
[EventType "team"]
[EventRounds "11"]
[EventCountry "HUN"]
[SourceTitle "EXT 2008"]
[Source "ChessBase"]
[SourceDate "2007.11.25"]
[SourceVersion "1"]
[SourceVersionDate "2007.11.25"]
[SourceQuality "1"]
[WhiteTeam "DEAC"]
[BlackTeam "Maroczy"]
[WhiteTeamCountry "HUN"]
[BlackTeamCountry "HUN"]

1. d4 d5 2. Nf3 Nf6 3. Bf4 c5 4. c3 Nc6 5. e3 Qb6 6. b3 cxd4 7. cxd4 Bf5 8. a3 e6 9. Be2 Ne4 10. 0-0 Bd6 11. Bxd6 Nxd6 12. Nc3 0-0 13. Na4 Qd8 14. Rc1 Qe7 15. b4 Rac8 16. Nc5 Bg4 17. Qa4 a6 18. Nxa6 e5 19. dxe5 Ne4 20. Nc5 Bxf3 21. gxf3 Ra8 22. Qc2 Nxc5 23. Qxc5 Qxe5 24. b5 Na5 25. Qb4 f5 26. f4 Qe6 27. Rc7 Rfc8 28. Rfc1 Nc4 29. b6 Qxb6 30. Bxc4 Qg6+ 31. Kf1 Rxc7 32. Bxd5+ Rf7 33. Qxb7 Rd8 34. Rc8 1-0

[Event "HUN-chT2 Toth 0506"]
[Site "Hungary"]
[Date "2006.04.23"]
[Round "11"]
[White "Miko, Valer"]
[Black "Egyed, Zsolt"]
[Result "1-0"]
[WhiteElo "2111"]
[BlackElo "2011"]
[PlyCount "87"]
[EventDate "2005.10.16"]
[EventType "team"]
[EventRounds "11"]
[EventCountry "HUN"]
[SourceTitle "EXT 2009"]
[Source "ChessBase"]
[SourceDate "2008.11.26"]
[SourceVersion "1"]
[SourceVersionDate "2008.11.26"]
[SourceQuality "1"]
[WhiteTeam "Maroczy"]
[BlackTeam "Karcag"]
[WhiteTeamCountry "HUN"]
[BlackTeamCountry "HUN"]

1. e4 d6 2. d4 Nf6 3. Nc3 g6 4. f3 Bg7 5. Be3 0-0 6. Qd2 c6 7. 0-0-0 Qa5 8. g4 b5 9. Kb1 b4 10. Nce2 c5 11. Nc1 Nbd7 12. h4 h5 13. g5 Ne8 14. f4 Nc7 15. Nb3 Qb6 16. f5 a5 17. e5 a4 18. Nc1 dxe5 19. dxc5 Qa5 20. Bg2 Rb8 21. fxg6 Nb5 22. gxf7+ Rxf7 23. g6 Rf6 24. c6 Nc3+ 25. Ka1 Nxd1 26. Qxd1 Nf8 27. Qxh5 b3 28. cxb3 axb3 29. Nge2 Bf5 30. Qf3 e4 31. Qf4 Rd6 32. Nd4 Bxg6 33. Bxe4 Ne6 34. c7 Rc8 35. Qg4 Bxe4 36. Nxe6 Qe5 37. Nxg7 Qxg7 38. Qxc8+ Kh7 39. Rg1 Qf7 40. Qg4 Bf5 41. c8Q Bxc8 42. Qxc8 bxa2 43. Qc2+ Kh8 44. h5 1-0

[Event "HUN-chT2 Toth 0506"]
[Site "Hungary"]
[Date "2006.01.22"]
[Round "6"]
[White "Kerekes, Attila"]
[Black "Miko, Valer"]
[Result "1/2-1/2"]
[WhiteElo "2241"]
[BlackElo "2111"]
[PlyCount "48"]
[EventDate "2005.10.16"]
[EventType "team"]
[EventRounds "11"]
[EventCountry "HUN"]
[SourceTitle "EXT 2009"]
[Source "ChessBase"]
[SourceDate "2008.11.26"]
[SourceVersion "1"]
[SourceVersionDate "2008.11.26"]
[SourceQuality "1"]
[WhiteTeam "GyD"]
[BlackTeam "Maroczy"]
[WhiteTeamCountry "HUN"]
[BlackTeamCountry "HUN"]

1. e4 e5 2. Nf3 Nc6 3. Bb5 a6 4. Ba4 Nf6 5. 0-0 Be7 6. Re1 b5 7. Bb3 0-0 8. h3 Bb7 9. d3 d6 10. a3 Na5 11. Ba2 c5 12. Nc3 Nc6 13. Nd5 Nd4 14. c3 Nxf3+ 15. Qxf3 Nxd5 16. Bxd5 Bxd5 17. exd5 Bg5 18. b4 Rc8 19. Qf5 Bxc1 20. Rexc1 g6 21. Qf3 Kg7 22. c4 Qf6 23. Qe4 Qf5 24. Qe2 Qf4 1/2-1/2

[Event "HUN-chT2 Toth 0506"]
[Site "Hungary"]
[Date "2005.12.04"]
[Round "5"]
[White "Miko, Valer"]
[Black "Kovacs, Arthur"]
[Result "0-1"]
[WhiteElo "2111"]
[BlackElo "2149"]
[PlyCount "81"]
[EventDate "2005.10.16"]
[EventType "team"]
[EventRounds "11"]
[EventCountry "HUN"]
[SourceTitle "EXT 2009"]
[Source "ChessBase"]
[SourceDate "2008.11.26"]
[SourceVersion "1"]
[SourceVersionDate "2008.11.26"]
[SourceQuality "1"]
[WhiteTeam "Maroczy"]
[BlackTeam "Mako"]
[WhiteTeamCountry "HUN"]
[BlackTeamCountry "HUN"]

1. e4 c6 2. d4 d5 3. exd5 cxd5 4. c4 Nf6 5. Nc3 e6 6. Nf3 Be7 7. c5 0-0 8. Bd3 b6 9. b4 a5 10. Na4 Nbd7 11. 0-0 axb4 12. c6 Nb8 13. Ne5 Ba6 14. Nb2 Qc7 15. Bf4 Bd6 16. Bg5 Bxe5 17. dxe5 Qxe5 18. Qc1 Nxc6 19. Qxc6 Qxb2 20. Bxf6 Qxf6 21. Bxa6 Rxa6 22. Qb5 Rfa8 23. Qxb4 Rxa2 24. Rxa2 Rxa2 25. Qxb6 g6 26. g3 Ra1 27. h4 h5 28. Kg2 Rxf1 29. Kxf1 Qc3 30. Qd8+ Kg7 31. Kg2 Qe5 32. g4 hxg4 33. Qd7 d4 34. Qa4 Qd5+ 35. Kg3 d3 36. h5 d2 37. h6+ Kxh6 38. Qf4+ Kg7 39. f3 Qxf3+ 40. Kh4 Qh1+ 41. Kg3 0-1

[Event "HUN-chT2 Toth 0304"]
[Site "Hungary"]
[Date "2004.04.04"]
[Round "10"]
[White "Gosztolya, Ferenc"]
[Black "Miko, Valer"]
[Result "1-0"]
[WhiteElo "2123"]
[BlackElo "2061"]
[PlyCount "101"]
[EventDate "2003.09.28"]
[EventType "team"]
[EventRounds "11"]
[EventCountry "HUN"]
[SourceTitle "EXT 2009"]
[Source "ChessBase"]
[SourceDate "2008.11.26"]
[SourceVersion "1"]
[SourceVersionDate "2008.11.26"]
[SourceQuality "1"]
[WhiteTeam "Bekes"]
[BlackTeam "Maroczy"]
[WhiteTeamCountry "HUN"]
[BlackTeamCountry "HUN"]

1. c4 c6 2. Nf3 d5 3. b3 Nf6 4. Bb2 e6 5. g3 Bd6 6. Bg2 Nbd7 7. 0-0 e5 8. d3 0-0 9. e3 Re8 10. Nc3 Nf8 11. Qc2 h6 12. e4 d4 13. Ne2 Qe7 14. Rae1 N8d7 15. Nh4 g6 16. Bc1 h5 17. f4 exf4 18. Nxf4 Ne5 19. Nf3 Nxf3+ 20. Bxf3 Nd7 21. Bb2 Be5 22. Qf2 Qd6 23. Ne2 c5 24. Bxh5 Nf6 25. Bf3 Rf8 26. Bc1 Bh3 27. Bg2 Be6 28. Nf4 Kg7 29. Nxe6+ fxe6 30. Bf4 Ng4 31. Qe2 Bxf4 32. Qxg4 Be3+ 33. Kh1 e5 34. h4 Rh8 35. Rf3 Raf8 36. Ref1 Rxf3 37. Rxf3 Rf8 38. h5 Rxf3 39. Bxf3 g5 40. Kg2 Kh7 41. Qf5+ Kg7 42. Kh3 b6 43. Bg4 Qf6 44. Qd7+ Kh6 45. Bf5 g4+ 46. Kg2 Kxh5 47. Qxa7 Bc1 48. Qd7 Qg5 49. Qh7+ Qh6 50. Bxg4+ Kxg4 51. Qf5# 1-0